| 000 | 00856nam a2200229 i 4500 | ||
|---|---|---|---|
| 001 | 55390 | ||
| 003 | ES-MaACL | ||
| 005 | 20250902030018.0 | ||
| 007 | t| | ||
| 008 | 030918s1968 sp ||||1| spa d | ||
| 100 | 1 |
_aDepallens, Georges. _943750 |
|
| 245 | 1 | 0 |
_aFinancianción de empresas _b: Primera parte : Casos prácticos / _cGeorges Depallens ; traducido por A. Ibáñez. 2ª parte: Fuentes, José María Tobar. |
| 260 |
_aBilbao : _bDeusto, _c[1968] |
||
| 300 |
_a152 p. ; _c21 cm. |
||
| 490 | 1 |
_aManuales prácticos de gestión de empresas: Serie E ; _v4 |
|
| 650 | 4 |
_aDirección financiera. _9168988 |
|
| 700 | 0 |
_aIbáñez, Ana. _964902 |
|
| 700 | 1 |
_aTobar, José María. _9110371 |
|
| 830 | 0 | 0 |
_aManuales prácticos de gestión de empresas (Deusto) _v4 _9220714 |
| 852 |
_aES-MaACL _jC-48447 _bR.72369 |
||
| 999 |
_c55390 _d55390 |
||